[Event "Osijek-ch op"]
[Site "Osijek"]
[Date "2014.02.20"]
[Round "2"]
[White "Krsticevic, Sinisa"]
[Black "Ontl, Vaclav"]
[Result "1-0"]
[WhiteElo "1901"]
[BlackElo "1690"]
[PlyCount "55"]
[EventDate "2014.02.20"]
[EventType "swiss"]
[EventRounds "7"]
[EventCountry "CRO"]
[SourceTitle "CBM 159 Extra"]
[Source "ChessBase"]
[SourceDate "2014.04.24"]
[SourceVersion "1"]
[SourceVersionDate "2014.04.24"]
[SourceQuality "1"]

1. e4 d6 2. d4 g6 3. Be3 Bg7 4. Bd3 Nf6 5. f3 0-0 6. Qd2 Re8 7. Bh6 Bh8 8. Ne2 e5 9. Bg5 Be6 10. d5 Bc8 11. h4 Qd7 12. Bxf6 Bxf6 13. g4 c6 14. g5 Bg7 15. h5 Kf8 16. hxg6 hxg6 17. Nbc3 Ke7 18. 0-0-0 Rh8 19. Rxh8 Bxh8 20. Rh1 Qe8 21. f4 Bg4 22. f5 Bh5 23. Ng3 Bg4 24. Rh4 gxf5 25. exf5 Bf3 26. Be4 Bxe4 27. Ngxe4 Nd7 28. dxc6 1-0

[Event "Osijek-ch op"]
[Site "Osijek"]
[Date "2012.02.25"]
[Round "5"]
[White "Krsticevic, Sinisa"]
[Black "Grguric, Stjepan Kresimir"]
[Result "0-1"]
[WhiteElo "1874"]
[BlackElo "1984"]
[PlyCount "112"]
[EventDate "2012.02.23"]
[EventType "swiss"]
[EventRounds "7"]
[EventCountry "CRO"]
[SourceTitle "EXT 2013"]
[Source "ChessBase"]
[SourceDate "2012.11.22"]
[SourceVersion "1"]
[SourceVersionDate "2012.11.22"]
[SourceQuality "1"]

1. e4 c6 2. Nc3 d5 3. d4 dxe4 4. Nxe4 Bf5 5. Ng3 Bg6 6. Nf3 Nd7 7. c3 Ngf6 8. Be2 e6 9. 0-0 Bd6 10. Re1 0-0 11. Bg5 Qc7 12. Bd3 Bxd3 13. Qxd3 h6 14. Bd2 Rad8 15. Qc2 c5 16. Rac1 a6 17. a4 Rc8 18. Ne4 Bf4 19. dxc5 Bxd2 20. Nfxd2 Ng4 21. Nd6 Nxc5 22. Nxc8 Qxh2+ 23. Kf1 Rxc8 24. b4 Qh1+ 25. Ke2 Qxg2 26. Rf1 Nd7 27. Qe4 Qxe4+ 28. Nxe4 Nb6 29. Nd6 Rc7 30. a5 Nd5 31. Kd2 Ne5 32. f4 Ng4 33. Ne4 Nge3 34. Rg1 Nc4+ 35. Kc2 Nxf4 36. Rge1 f5 37. Nc5 Kf7 38. Kb3 Nxa5+ 39. bxa5 Rxc5 40. Rcd1 Rc7 41. c4 g5 42. Rd4 h5 43. Red1 Re7 44. Kb4 h4 45. Kc5 h3 46. Kb6 e5 47. Rd7 g4 48. Kxb7 Ne6 49. Kb6 g3 50. R7d5 Kf6 51. Re1 Nc7 52. Rd6+ Kg5 53. c5 h2 54. c6 g2 55. Rd7 g1Q+ 56. Kxc7 Qxe1 0-1

[Event "Osijek-ch op"]
[Site "Osijek"]
[Date "2012.02.25"]
[Round "6"]
[White "Krsticevic, Sinisa"]
[Black "Ontl, Vaclav"]
[Result "1/2-1/2"]
[WhiteElo "1874"]
[BlackElo "1690"]
[PlyCount "79"]
[EventDate "2012.02.23"]
[EventType "swiss"]
[EventRounds "7"]
[EventCountry "CRO"]
[SourceTitle "EXT 2013"]
[Source "ChessBase"]
[SourceDate "2012.11.22"]
[SourceVersion "1"]
[SourceVersionDate "2012.11.22"]
[SourceQuality "1"]

1. e4 c5 2. Nf3 Nc6 3. c3 d6 4. g3 Bg4 5. Bg2 Ne5 6. Qa4+ Qd7 7. Qxd7+ Kxd7 8. Nxe5+ dxe5 9. 0-0 Be2 10. Re1 Bd3 11. Re3 c4 12. b3 b5 13. Bf1 Bxf1 14. Kxf1 e6 15. Ba3 Nf6 16. Kg2 Ng4 17. Re1 g6 18. Bxf8 Rhxf8 19. Na3 cxb3 20. axb3 Kc6 21. c4 b4 22. Nc2 a5 23. Ra2 Nf6 24. f3 Nd7 25. Rea1 Nc5 26. Nxb4+ Kb7 27. Nc2 Nxb3 28. Rb1 a4 29. Ne3 Kc6 30. Ng4 f6 31. f4 h5 32. Nxf6 exf4 33. gxf4 Nxd2 34. Rxd2 Rxf6 35. Kg3 Kc5 36. Rc1 Rf7 37. h3 a3 38. e5 a2 39. Ra1 Ra3+ 40. Kh4 1/2-1/2

[Event "Osijek-ch op"]
[Site "Osijek"]
[Date "2011.02.27"]
[Round "7"]
[White "Mesko, Andrej"]
[Black "Krsticevic, Sinisa"]
[Result "1-0"]
[WhiteElo "2042"]
[BlackElo "1867"]
[PlyCount "71"]
[EventDate "2011.02.24"]
[EventType "swiss"]
[EventRounds "7"]
[EventCountry "CRO"]
[SourceTitle "EXT 2012"]
[Source "ChessBase"]
[SourceDate "2011.11.24"]
[SourceVersion "1"]
[SourceVersionDate "2011.11.24"]
[SourceQuality "1"]

1. d4 d5 2. c4 c6 3. e3 e6 4. Nf3 Bd6 5. Nc3 Nd7 6. Bd3 Ne7 7. e4 dxc4 8. Bxc4 Nb6 9. Bd3 Ng6 10. 0-0 Qc7 11. e5 Be7 12. Ng5 f6 13. exf6 gxf6 14. Qh5 fxg5 15. Bxg6+ Kd8 16. Ne4 Nd5 17. Nxg5 Nf6 18. Nf7+ Kd7 19. Qh3 Rg8 20. Ne5+ Kd8 21. Bf7 Rf8 22. Bh6 Rxf7 23. Nxf7+ Ke8 24. Ne5 Qd6 25. Bg5 Qd5 26. Qh6 Ne4 27. Bxe7 Kxe7 28. Qxh7+ Kd8 29. Rfe1 Nd6 30. Nf7+ Kc7 31. Nxd6+ Kxd6 32. Qh8 Ke7 33. Re3 Qc4 34. Rg3 Kd7 35. Qe5 c5 36. Rg7+ 1-0